|
|
|
|
| LEADER |
01742cas a2200241 a 4500 |
| 001 |
AALejournalIMF009558 |
| 008 |
230101c9999 xx r poo 0 0eng d |
| 020 |
|
|
|c 5.00 USD
|
| 020 |
|
|
|z 9781451837926
|
| 022 |
|
|
|a 1934-7685
|
| 040 |
|
|
|a BD-DhAAL
|c BD-DhAAL
|
| 110 |
2 |
|
|a International Monetary Fund.
|
| 245 |
1 |
0 |
|a Tunisia :
|b 2007 Article IV Consultation; Staff Report; Public Information Notice on the Executive Board Discussion; and Statement by the Executive Director for Tunisia.
|
| 264 |
|
1 |
|a Washington, D.C. :
|b International Monetary Fund,
|c 2007.
|
| 300 |
|
|
|a 1 online resource (46 pages)
|
| 490 |
1 |
|
|a IMF Staff Country Reports
|
| 500 |
|
|
|a <strong>Off-Campus Access:</strong> No User ID or Password Required
|
| 500 |
|
|
|a <strong>On-Campus Access:</strong> No User ID or Password Required
|
| 506 |
|
|
|a Electronic access restricted to authorized BRAC University faculty, staff and students
|
| 520 |
3 |
|
|a This 2007 Article IV Consultation highlights that effective economic management and an outward-oriented development strategy have contributed to placing Tunisia's economic performance over the past decade among the best in the region. Real GDP growth accelerated from 4 percent in 2005 to 5.4 percent in 2006 owing to a rebound in agricultural output, expansion of nontextile manufacturing, and vitality of the services sector. Tunisia's key challenge is to create enough jobs for the fast-growing university graduate population while reinserting the already large number of unemployed.
|
| 538 |
|
|
|a Mode of access: Internet
|
| 830 |
|
0 |
|a IMF Staff Country Reports; Country Report ;
|v No. 2007/302
|
| 856 |
4 |
0 |
|z Full text available on IMF
|u http://elibrary.imf.org/view/journals/002/2007/302/002.2007.issue-302-en.xml
|z IMF e-Library
|